000 00877nam a22002897a 4500
001 BR7601188
003 BR-BrBNA
005 20230928084919.0
007 ta
008 230509b bl.||||| |||| 00| 0 por d
040 _aBR-BrBNA
_bpor
_cBiblioteca Nacional de Agricultura
041 _a(Por)
072 _aE70
_b0430
_b/G514
090 _ 0430 BR7601188
100 1 _aAraujo, I.T. de
110 1 _aUniversidade Federal do Ceara, Fortaleza (Brasil). Depto. de Economia Agricola
_0Tese (Mestre)
_911037
245 1 _aComercializacao do algodao em caroco nos municipios de Quixada e Missao Velha [Ceara; Brasil]
260 3 _aFortaleza, CE (Brasil):
_c1975.
300 _a95 p.
500 _a32 tables; 18 ref.; Summary (Por)
650 _aPreco
650 _aCusto
650 _aAlgodao
650 _aCeara
909 _a202309
_bLucia
_c55
_dLucia Elande
942 _cBK
999 _c21838
_d21838